000 00357nam a2200145Ia 4500
008 230312s9999||||xx |||||||||||||| ||und||
082 _a060
_bBEN
100 _aBennett, A Leroy
245 0 _aInternational Organizaitions
260 _bPrentice Hall
_aNew Jersery
_c1991
300 _a480
546 _aEng.
650 _aMass com
_vIntroduction
942 _cBK
999 _c2872
_d2872